MARC details
| 000 -LEADER |
| fixed length control field |
01084nam a2200205 a 4500 |
| 008 - FIXED-LENGTH DATA ELEMENTS--GENERAL INFORMATION |
| fixed length control field |
120921s2003 ||||||||||||||||| || u |
| 020 ## - INTERNATIONAL STANDARD BOOK NUMBER |
| International Standard Book Number |
9241546093 |
| 050 ## - LIBRARY OF CONGRESS CALL NUMBER |
| Classification number |
RT 399.M26 GUI |
| 100 ## - MAIN ENTRY--PERSONAL NAME |
| Personal name |
Ashworth, Ann |
| 245 10 - TITLE STATEMENT |
| Title |
Guidelines for the inpatient treatment of severely malnourished children |
| Statement of responsibility, etc. |
by Ann Ashworth, Sultana Khanum, alan Jackson and Claire Schofield |
| 260 ## - PUBLICATION, DISTRIBUTION, ETC. |
| Place of publication, distribution, etc. |
Geneva: |
| Name of publisher, distributor, etc. |
WHO |
| Date of publication, distribution, etc. |
2003 |
| 300 ## - PHYSICAL DESCRIPTION |
| Extent |
48p.: ill. |
| 500 ## - GENERAL NOTE |
| General note |
Orange Trunk Library Collection (WHO). |
| 650 ## - SUBJECT ADDED ENTRY--TOPICAL TERM |
| Topical term or geographic name entry element |
MALNUTRITION--THERAPY--CHILD |
| 650 ## - SUBJECT ADDED ENTRY--TOPICAL TERM |
| Topical term or geographic name entry element |
STARVATION--TREATMENT--HANDBOOKS, MANUALS, ETC |
| 650 ## - SUBJECT ADDED ENTRY--TOPICAL TERM |
| Topical term or geographic name entry element |
MALNUTRITION IN CHILDREN--TREATMENT--DEVELOPING COUNTRIES |
| 710 ## - ADDED ENTRY--CORPORATE NAME |
| Corporate name or jurisdiction name as entry element |
World Health Organization (WHO) |
| 995 ## - |
| -- |
MEDICAL LIBRARY OPEN ACCESS |
| -- |
901854 |
| -- |
CBU-SCHOOL OF MEDICINE LIBRARY (Ndola) |
| -- |
OTL RT 399.M26 GUI |
| -- |
1 |
| -- |
AVAILABLE |
| -- |
Oct 17, 2012 |
| -- |
901854 |
| -- |
Medical Library Open Access Collection |
| 995 ## - |
| -- |
MEDICAL LIBRARY OPEN ACCESS |
| -- |
901906 |
| -- |
CBU-SCHOOL OF MEDICINE LIBRARY (Ndola) |
| -- |
OTL RT 399.M26 GUI (BOX 7) |
| -- |
2 |
| -- |
AVAILABLE |
| -- |
Oct 25, 2012 |
| -- |
901906 |
| -- |
Medical Library Open Access Collection |
| 999 ## - |
| -- |
63927 |
| -- |
63927 |